<?xml version="1.0" encoding="UTF-8"?>
<record
    xmlns:xsi="http://www.w3.org/2001/XMLSchema-instance"
    xsi:schemaLocation="http://www.loc.gov/MARC21/slim http://www.loc.gov/standards/marcxml/schema/MARC21slim.xsd"
    xmlns="http://www.loc.gov/MARC21/slim">

  <leader>00811nam a2200229 a 4500</leader>
  <controlfield tag="003">AR-MoUNM</controlfield>
  <controlfield tag="005">20260509064227.0</controlfield>
  <controlfield tag="008">140919s2008    ag           |||| ||spa d</controlfield>
  <datafield tag="020" ind1=" " ind2=" ">
    <subfield code="a">9789507320972</subfield>
  </datafield>
  <datafield tag="040" ind1=" " ind2=" ">
    <subfield code="a">ICV</subfield>
    <subfield code="c">AR-MoUNM</subfield>
  </datafield>
  <datafield tag="082" ind1=" " ind2=" ">
    <subfield code="2">20</subfield>
    <subfield code="a">GB823.928 2</subfield>
    <subfield code="b">LEWIS 673</subfield>
  </datafield>
  <datafield tag="100" ind1="1" ind2=" ">
    <subfield code="a">Lewis, C. S.</subfield>
    <subfield code="d">1898-1963</subfield>
    <subfield code="9">12102</subfield>
    <subfield code="q">(Clive Staples),</subfield>
  </datafield>
  <datafield tag="240" ind1=" " ind2=" ">
    <subfield code="0">Las cr&#xF3;nicas de Narnia</subfield>
  </datafield>
  <datafield tag="245" ind1="1" ind2="4">
    <subfield code="a">Las cr&#xF3;nicas de Narnia :</subfield>
    <subfield code="b">el sobrino del mago / </subfield>
    <subfield code="c">C.S. Lewis; traducci&#xF3;n, Gemma Gallart; ilustraciones, Pauline Baynes.</subfield>
  </datafield>
  <datafield tag="260" ind1=" " ind2=" ">
    <subfield code="a">Buenos Aires : </subfield>
    <subfield code="b">Emec&#xE9;, </subfield>
    <subfield code="c">2008.</subfield>
  </datafield>
  <datafield tag="300" ind1=" " ind2=" ">
    <subfield code="a">256 p : </subfield>
    <subfield code="b">il. ; </subfield>
    <subfield code="c">21x15 cm.</subfield>
  </datafield>
  <datafield tag="650" ind1=" " ind2="7">
    <subfield code="a">LITERATURA</subfield>
    <subfield code="z">INGLATERRA</subfield>
    <subfield code="2">unescot</subfield>
    <subfield code="9">4628</subfield>
  </datafield>
  <datafield tag="650" ind1=" " ind2="7">
    <subfield code="a">LITERATURA DE FICCION</subfield>
    <subfield code="2">unescot</subfield>
    <subfield code="9">594</subfield>
  </datafield>
  <datafield tag="700" ind1="1" ind2=" ">
    <subfield code="a">Gallart, Gemma</subfield>
    <subfield code="9">12105</subfield>
    <subfield code="e">tr.</subfield>
  </datafield>
  <datafield tag="700" ind1="1" ind2=" ">
    <subfield code="a">Baynes, Pauline.</subfield>
    <subfield code="9">12106</subfield>
    <subfield code="e">il.</subfield>
  </datafield>
  <datafield tag="942" ind1=" " ind2=" ">
    <subfield code="c">LIBRO</subfield>
  </datafield>
  <datafield tag="999" ind1=" " ind2=" ">
    <subfield code="c">6064</subfield>
    <subfield code="d">6065</subfield>
  </datafield>
  <datafield tag="952" ind1=" " ind2=" ">
    <subfield code="0">0</subfield>
    <subfield code="1">0</subfield>
    <subfield code="4">0</subfield>
    <subfield code="7">0</subfield>
    <subfield code="a">LECTORES</subfield>
    <subfield code="b">LECTORES</subfield>
    <subfield code="d">2016-06-29</subfield>
    <subfield code="i">6494</subfield>
    <subfield code="l">1</subfield>
    <subfield code="m">1</subfield>
    <subfield code="o">GB823.928 2 LEWIS 673</subfield>
    <subfield code="p">6494</subfield>
    <subfield code="r">2016-08-08 00:00:00</subfield>
    <subfield code="s">2016-07-07</subfield>
    <subfield code="t">Ej. C</subfield>
    <subfield code="w">2016-06-29</subfield>
    <subfield code="y">LIBRO</subfield>
  </datafield>
</record>
